| 000 | 00830cas a2200229 a 4500 | ||
|---|---|---|---|
| 003 | SA-RiAUC | ||
| 005 | 20250422075936.0 | ||
| 008 | 250104u19uuuuuusu uu f000rf2ara c | ||
| 040 |
_aSA-JeALM _bara _cSA-RiAUC _erda |
||
| 043 | _aa-su--- | ||
| 082 | 0 | 4 | _a370.95312105 |
| 090 |
_a370.95312105 _b ا ض و |
||
| 245 | 0 | 0 |
_aأضواء الفلاح / _cمدارس الفلاح. |
| 260 |
_aمكة المكرمة : _bمدارس الفلاح |
||
| 264 |
_aمكة المكرمة : _bمدارس الفلاح. _c1987 |
||
| 300 |
_aمج. ؛ _c24 × 17 سم. |
||
| 500 | _aالوصف مأخوذ من : 1407 هـ. = 1987. | ||
| 650 | 7 |
_aالتعليم _zمكة المكرمة _vدوريات _2aucsh |
|
| 710 | 2 | _aمدرسة الفلاح (مكة المكرمة) | |
| 942 |
_2ddc _cBOOK _n0 |
||
| 949 |
_aSA-JeALM _d250104 _umohamedma123 _n1 |
||
| 999 |
_c7315 _d7315 |
||